| 000 | 00621nam a2200205 a 4500 | ||
|---|---|---|---|
| 005 | 20210219153524.0 | ||
| 008 | 991125n 000 0 u | ||
| 035 | _aUPN01000104722 | ||
| 100 | _aESPINOZA, Cristina | ||
| 222 |
_aEDUCACION : _bREVISTA DEL CONSEJO NACIONAL TECNICO DE LA EDUCACION |
||
| 245 | _a25 años de una profesora de primaria : testimonio | ||
| 300 | _a311-320 | ||
| 362 | _a1982 4a época, vol. 8, no. 42 oct.-dic. | ||
| 653 | 0 | _aEDUCACION PRIMARIA | |
| 653 | 0 | _aFORMACION DE MAESTROS | |
| 653 | 0 | _aINVESTIGACION | |
| 653 | 0 | _aPRACTICA DOCENTE | |
| 904 |
_aAC _b042533 |
||
| 905 | _aArticulo | ||
| 999 |
_c79074 _d79074 |
||